Score 0/22 Timer 02:00
0 Plays Today
TV show Missing Word % Correct
The Dukes of ____Hazzard
96.8%
____ ViceMiami
93.4%
Growing ____Pains
90.7%
Diff'rent ____Strokes
89.5%
____ TiesFamily
88.2%
Mork & ____Mindy
86.2%
The ____ GirlsGolden
79%
The Love ____Boat
71.8%
Cagney & ____Lacey
69.7%
____ Street BluesHill
69%
Knots ____Landing
68.5%
TV show Missing Word % Correct
The ____ of LifeFacts
65.8%
____ CourtNight
63.8%
Head of the ____Class
63.1%
____ StrangersPerfect
62.4%
St. ____Elsewhere
58.4%
The Greatest American ____Hero
57.9%
My Two ____Dads
55.2%
____ BuddiesBosom
46.7%
Silver ____Spoons
45%
Mr. ____Belvedere
37%
____ WonderSmall
18.9%

Today's Daily Dose

Missing Word
Train Books

Word Ladder
Piano Man

Quick Pick
Google Products

Get the Picture
Moana or Coco

Remove Ads.
Support Sporcle.
Get the best of Sporcle when you Go Orange. This ad-free experience offers more features, more stats, and more fun while also helping to support Sporcle. Thank you for becoming a member.

You're not logged in!

Compare scores with friends on all Sporcle quizzes.
OR
Log In

Show Comments

Extras

Top Quizzes Today


Score Distribution

Your Account Isn't Verified!

In order to create a playlist on Sporcle, you need to verify the email address you used during registration. Go to your Sporcle Settings to finish the process.

Report this User

Report this user for behavior that violates our Community Guidelines.

Details: